Adult Swim Original Comedies Quiz Stats

 Plays Quiz Retired Jul 7, 2021

Support Sporcle.
Go Orange.
Score 0/73 Timer 13:00
0 Plays Today
Debut Series % Correct
2000Aqua Teen Hunger Force
71%
2005Robot Chicken
67.6%
2013Rick and Morty
45.8%
1994*Space Ghost Coast to Coast
41.3%
2005Squidbillies
39.2%
2003The Venture Bros.
31.2%
2006Metalocalypse
28.8%
2000Harvey Birdman, Attorney at Law
28.1%
1999*Home Movies
27.6%
2000Sealab 2021
26.7%
2005The Boondocks
26.1%
2007Tim and Eric Awesome Show, Great Job!
25.5%
2000The Brak Show
23.7%
2005Moral Orel
23.2%
2007Superjail!
19.5%
2012The Eric André Show
18.4%
2006Frisky Dingo
16.1%
2004Tom Goes to the Mayor
16%
2014Mr. Pickles
14.4%
2005Assy McGee
12.8%
200512 oz. Mouse
12.6%
2014Black Jesus
12.5%
2011China, IL
12.1%
2019Primal
11.5%
2001Samurai Jack
11.5%
2016Decker
11.4%
2012Black Dynamite
10%
2013Your Pretty Face Is Going to Hell
9.4%
2014Mike Tyson Mysteries
9.3%
2007Xavier: Renegade Angel
9.2%
2012Loiter Squad
9.1%
2010Childrens Hospital
8.3%
2005Lucy, the Daughter of the Devil
8.1%
2008Delocated
7.8%
2011Off The Air
7.5%
2004Stroker and Hoop
7%
2011The Heart, She Holler
6.9%
Debut Series % Correct
2007The Drinky Crow Show
6.9%
2020Beef House
6.8%
2007Saul of the Mole Men
6.5%
2017The Jellies
6.5%
2011Eagleheart
6%
2020YOLO: Crystal Fantasy
6%
2019Tigtone
5.8%
2010Check It Out! with Dr. Steve Brule
5.7%
2009Titan Maximum
5.7%
2020Three Busy Debras
5.4%
2019Final Space
5.2%
2007Fat Guy Stuck in Internet
5.1%
2005Minoriteam
5%
2013Tim & Eric's Bedtime Stories
5%
2011NTSF:SD:SUV
5%
2020JJ Villard's Fairy Tales
4.8%
2017Apollo Gauntlet
4.5%
2018Joe Pera Talks with You
4.5%
2010Mary Shelley's Frankenhole
4.5%
2016Dream Corp, LLC
4.4%
2018Hot Streets
4.4%
2019Lazor Wulf
4.3%
2018The Shivering Truth
4.1%
2013Newsreaders
3.9%
2018Ballmastrz: 9009
3.9%
2013Hot Package
3.5%
2017Tender Touches
3.4%
2020Gēmusetto: Death Beat(s)
3.3%
2011Mongo Wrestling Alliance
3.2%
2019Momma Named Me Sheriff
3.2%
2014^King Star King
3%
2015Neon Joe, Werewolf Hunter
2.9%
2016Brad Neely's Harg Nallin' Sclopio Peepio
2.3%
2018Mostly 4 Millennials
2.3%
2013Beware the Batman
2.2%
2015FishCenter Live
2.2%

From the Vault

Movies Inspired by Real Events

by ddavey1983

Movies 8m
This quiz is based on a true story. *Historical accuracy not guaranteed.
Remove Ads.
Support Sporcle.
Get the best of Sporcle when you Go Orange. This ad-free experience offers more features, more stats, and more fun while also helping to support Sporcle. Thank you for becoming a member.

Show Comments

Extras

Top Quizzes Today


Score Distribution

Your Account Isn't Verified!

In order to create a playlist on Sporcle, you need to verify the email address you used during registration. Go to your Sporcle Settings to finish the process.

Report this User

Report this user for behavior that violates our Community Guidelines.

Details: